Riegos del Alto Aragón (Record no. 112147)

MARC details
000 -LEADER
campo de control de longitud fija 00697nam a2200181 i 4500
001 - NÚMERO DE CONTROL
campo de control 112147
003 - IDENTIFICADOR DE NÚMERO DE CONTROL
campo de control ES-MaACL
005 - FECHA Y HORA DE LA ÚLTIMA TRANSACCIÓN
campo de control 20230906185444.0
007 - CAMPO FIJO DE DESCRIPCIÓN FÍSICA--INFORMACIÓN GENERAL
campo de control de longitud fija t|
008 - DATOS DE LONGITUD FIJA--INFORMACIÓN GENERAL
campo de control de longitud fija 061121q1913 sp r ||||1| spa d
100 1# - ENTRADA PRINCIPAL--NOMBRE DE PERSONA
Nombre de persona Nicolau y Sabater, José.
9 (RLIN) 85589
245 10 - MENCIÓN DEL TÍTULO
Título Riegos del Alto Aragón
Resto del título : (Sobrarbe, Somontano, Monegros): modificación del presupuesto según Real Orden de 1º de marzo de 1913 /
Mención de responsabilidad, etc. Autores: José Nicolau Sabater y Félix de los Ríos Martín.
260 ## - PUBLICACIÓN, DISTRIBUCIÓN, ETC.
Lugar de publicación, distribución, etc. Barcelona :
Nombre del editor, distribuidor, etc. `El Annuario de la Exportación`,
Fecha de publicación, distribución, etc. [1913?]
300 ## - DESCRIPCIÓN FÍSICA
Extensión 31 p. ;
Dimensiones 32 x 21 cm.
650 #4 - PUNTO DE ACCESO ADICIONAL DE MATERIA--TÉRMINO DE MATERIA
Término de materia o nombre geográfico como elemento de entrada Riego-
Subdivisión geográfica Aragón.
9 (RLIN) 155579
700 1# - ENTRADA AGREGADA--NOMBRE PERSONAL
Nombre de persona Ríos Martín, Félix de los.
9 (RLIN) 97387
852 ## - LOCALIZACIÓN
Ubicación ES-MaACL
Número de control de estantería G-5779
Holdings
Estatus retirado Estado de pérdida Estado de daño No para préstamo Biblioteca de origen Biblioteca actual Ubicación en estantería Fecha de adquisición Fuente de adquisición Total de préstamos Signatura topográfica completa Código de barras Visto por última vez Precio de reemplazo Tipo de ítem Koha
        Biblioteca del Ateneo de Madrid Biblioteca del Ateneo de Madrid Depósito 2 17/01/2008     G-5779 1116980 23/02/2023 23/02/2023 Libro impreso